01477nam a2200373 a 4500001001200000003000800012006001900020007001500039008004100054010001700095020003700112020003400149020002700183040002100210035002100231043001200252050002500264082002000289100002300309245007400332260006100406300003100467490002800498504005100526533015200577600004400729600003600773650004200809650005100851655002900902710001700931830002900948856012600977ebr10528280CaPaEBRm u cr cn|||||||||110111s2011 iluac sb 001 0ceng d z 2011000944 z9780809330492 (cloth alk. paper) z0809330490 (cloth alk. paper) z9780809379996 (e-book) aCaPaEBRcCaPaEBR a(OCoLC)775361171 an-us---14aE457.25b.W63 2011eb04a973.7092aB2221 aWinkle, Kenneth J.10aAbraham and Mary Lincolnh[electronic resource] /cKenneth J. Winkle. aCarbondale :bSouthern Illinois University Press,c2011. aix, 147 p. :bill., ports.1 aConcise Lincoln library aIncludes bibliographical references and index. aElectronic reproduction.bPalo Alto, Calif. :cebrary,d2013.nAvailable via World Wide Web.nAccess may be limited to ebrary affiliated libraries.10aLincoln, Abraham,d1809-1865xMarriage.10aLincoln, Mary Todd,d1818-1882. 0aPresidentszUnited StatesvBiography. 0aPresidents' spouseszUnited StatesvBiography. 7aElectronic books.2local2 aebrary, Inc. 0aConcise Lincoln library.40uhttp://site.ebrary.com/lib/rucke/Doc?id=10528280zAn electronic book accessible through the World Wide Web; click to view